| 000 | 00747nam a2200181Ia 4500 | ||
|---|---|---|---|
| 008 | 090124s9999 xx 000 0 und d | ||
| 082 | _b132189 | ||
| 100 | _aदाभोलकर नरेंद्र | ||
| 245 | _a ठरलं डोळस व्हायचंच ( अंधश्रध्देविषयी ) | ||
| 250 | _a1 | ||
| 260 | _c2004 | ||
| 300 | _a107 | ||
| 600 | _aदाभोलकर नरेंद्र | ||
| 630 | _a ठरलं डोळस व्हायचंच ( अंधश्रध्देविषयी ) | ||
| 700 | _aदाभोलकर नरेंद्र | ||
| 730 | _a ठरलं डोळस व्हायचंच ( अंधश्रध्देविषयी ) | ||
| 942 | _cBOOK | ||
| 999 |
_c178278 _d178278 |
||